Šibenik ponúka pohodu aj dejiny

Bibliographic Details
Main Author: Čevelová, Jana (Author)
Format: Article
Language:Slovak
PhysicalDescription:Fotogr., mp.
ISSN:1335-440X
Subjects:

MARC

LEADER 00000nab a2200000 ar4500
001 vtls010083747
003 SK-MaSNL
005 20260303081359.0
008 100412c20091031xo dr|n|||||||000 b|slo
015 |a SNBRB2010/04  |2 snkbucl 
040 |a SNKBUCL  |b slo  |c SNKBUCL  |e AACR2 
041 0 |a slo 
044 |a xo  |c SK 
080 |a 908  |x (497.13)  |2 2001 
100 1 |a Čevelová, Jana  |4 aut  |9 920696 
245 1 0 |a Šibenik ponúka pohodu aj dejiny  |c Jana Čevelová 
300 |b Fotogr., mp. 
650 0 7 |a cestovanie  |2 snkbucl  |9 18846 
651 7 |a Šibenik (Chorvátsko)  |2 snkbucl  |9 103862 
655 7 |a reportáže  |2 snkbucl  |9 28856 
773 0 |t Sme  |g Roč. 17, č. 252 (31.10.2009)  |x 1335-440X 
773 0 8 |i Príl.:  |t Víkend  |g S. 28 
852 |a SNK  |b KIS3GCP 
958 |a HR 
999 |c 1784401  |d 1786331